Obtención de fruta deshidratada sin anhídrido sulfuroso

Gorde:
Xehetasun bibliografikoak
Erakunde egilea: CORFO (Egilea)
Formatua: Liburua
Hizkuntza:gaztelania
Argitaratua: Santiago Corporación de Fomento de la Producción 1900
Gaiak:
Etiketak: Etiketa erantsi
Etiketarik gabe, Izan zaitez lehena erregistro honi etiketa jartzen!

MARC

LEADER 00000nam a2200000 a 4500
001 UCR4507
003 CL-VaPUC
008 980313e19000000CL |||||||||||||||||spa|d
082 0 4 |a 634  |b COR  |2 21 
110 2 |a CORFO  |e author  |9 404742 
245 1 0 |a Obtención de fruta deshidratada sin anhídrido sulfuroso 
300 |a Pag. irreg 
942 |c BK 
945 |d 19980313 00:00:00  |a rleighto 
260 |a Santiago  |b Corporación de Fomento de la Producción  |c 1900 
650 7 |a ESCALDADO  |2 CL-VaPUC  |9 404743 
650 0 |a Tecnología  |9 256742 
650 0 |a Secado  |9 331351 
650 0 |a Deshidratación  |9 365480 
650 7 |a MANZANAS  |2 CL-VaPUC  |9 325516 
650 7 |a FRUTAS SECAS  |2 CL-VaPUC  |9 259763 
583 |a last modification  |c 19980313 00:00:00  |k Rodrigo Vera 
999 |c 267445  |d 267443